000 00524nam a2200181Ia 4500
008 240729s9999 xx 000 0 und d
022 _a2231-2730
245 0 _aJournal of Anaesthesiology Clinical Pharmacology
260 _aIndia
260 _bWolters Kluwer Medknow Publications
650 _a Anesthesiology | Medicine
650 _a Pharmacy and materia medica
650 _a Surgery
650 _aMedicine
856 _uhttps://doaj.org/toc/718eae9ec2ff45df9e68510bd793a025
942 _2ddc
942 _cDOAJEJ
999 _c71628
_d71628
945 _a1
_bMadushi Gamage
_c1
_dMadushi Gamage